Statistics for Countries Closest to Norway - distance order

Click here to take the quiz!

General Stats

  • This quiz has been taken 621 times
  • The average score is 13 of 20

Answer Stats

kmcountrymiles% Correct
0Sweden0
100%
0Finland0
99%
0Russia0
97%
110Denmark68
96%
327Germany203
85%
293United Kingdom182
85%
494Netherlands307
79%
554Estonia344
73%
575Poland357
71%
599Latvia372
59%
645Lithuania401
59%
734Belgium456
57%
820France509
52%
847Ireland526
47%
870Luxembourg541
44%
579Faroe Islands360
41%
914Belarus568
39%
879Czechia546
34%
973Iceland604
34%
1106Austria687
29%

Score Distribution

Percentile by Number Answered

Percent of People with Each Score

Your Score History

You have not taken this quiz